000 00946nam a2200253 a 4500
001 BRCA_475
005 20190320203027.0
008 860723s1986 nyua---##b---#001-0#eng-#
020 _a0517544709
040 _aDLC
_cDLC
_dDLC
050 4 _aNK4565
_b.M33 1986
100 1 _aMudge, Jean McClure
_91634
245 1 0 _aChinese export porcelain in North America
_cJean McClure Mudge ; designed by Hermann Strohbach.
260 _aNueva York
_bC.N. Potter
_c1986
300 _a300 p.
_bil. (algunas a color)
_c26 cm.
500 _aIncluye glosario
500 _aApéndices : A. Marcas, B. Porcelana dorada, C. Naufragios, D. Sitios arqueológicos, E. Museos y colecciones selectas en Occidente
500 _aIncluye índice analítico
504 _aBibliografía: p. 289-294
650 1 4 _aPorcelana comercial
_zChina
_91635
650 1 4 _aPorcelana china
_yDinastía Ming-Qing, 1368-1912
_91636
650 1 4 _aGaleón de Manila
_91637
942 _2lcc
_cB
999 _c410
_d410